Disneyfilmer - Statistics

General Stats
  • This quiz has been taken 575 times
  • The average score is 15 of 129
Answer Stats
Answer % Correct
Askungen
74%
Frost
54%
Törnrosa
53%
Lejonkungen
50%
Skönheten och Odjuret
49%
Skönheten och Odjuret - Den förtrollade julen
49%
Aladdin
46%
Snövit och de sju dvärgarna
46%
Trassel
41%
Mulan
39%
Toy Story
36%
Bilar
34%
Djungelboken
32%
Pocahontas
30%
Den lilla sjöjungfrun
28%
Den lilla sjöjungfrun - Sagan om Ariel
28%
Frost 2
26%
Bambi
23%
Aristocats
22%
Bilar 2
22%
Hitta Nemo
22%
Lady och Lufsen
22%
Modig
22%
Pinocchio
22%
Toy Story 2
22%
Toy Story 3
22%
Robin Hood
21%
Vaiana
21%
Bilar 3
20%
Dumbo
20%
Tarzan
20%
Prinsessan och grodan
19%
Toy Story 4
19%
Peter Pan
18%
Lejonkungen II - Simbas skatt
17%
Upp
17%
Herkules
16%
Röjar-Ralf
15%
Hitta Doris
14%
Lejonkungen 3 - Hakuna Matata
14%
Micke och Molle
14%
Insidan ut
13%
Alice i Underlandet
12%
Björnbröder
11%
Monsters, Inc.
11%
Askungen II - Drömmen slår in
10%
Big Hero 6
10%
Coco
10%
Fantasia
10%
Bolt
9%
Nalle Puh - Jullovet
9%
Nalle Puh och jakten på Christoffer Robin
9%
Nalle Puhs film - Nya äventyr i Sjumilaskogen
9%
Nalle Puh: Vännernas fest
9%
Nalle Puh - Vårkul med Ru
9%
Puhs film om Heffaklumpen
9%
Puhs Heffaklump Halloween
9%
Wall-E
9%
Atlantis - En försvunnen värld
8%
Atlantis – Milos återkomst
8%
Superhjältarna
8%
Flygplan
7%
Ringaren i Notre Dame
6%
Svärdet i stenen
6%
Tingeling
6%
Tingeling - Legenden om önskedjuret
6%
Tingeling och älvornas hemlighet
6%
Tingeling och den förlorade skatten
6%
Tingeling och piratfen
6%
Tingeling och vingarnas hemlighet
6%
Bernard och Bianca
5%
Ett småkryps liv
5%
Råttatouille
5%
Superhjältarna 2
5%
Zootropolis
5%
Djungelboken 2
4%
Flygplan 2: Räddningstjänsten
4%
Jafars återkomst
4%
Kejsarens nya stil
4%
Lilo & Stitch
4%
Pocahontas 2: Resan till en annan värld
4%
Själen
4%
Skattkammarplaneten
4%
Björnbröder 2
3%
Den lilla sjöjungfrun II – Havets hemlighet
3%
Fantasia 2000
3%
Kogänget
3%
Lilla kycklingen
3%
Monsters University
3%
Pongo och de 101 dalmatinerna
3%
Aladdin och rövarnas konung
2%
Askungen III - Det magiska trollspöet
2%
Bambi 2
2%
Bernard och Bianca i Australien
2%
Lady och Lufsen II: Ludde på äventyr
2%
Mästerdetektiven Basil Mus
2%
Pank och fågelfri
2%
Belles magiska värld
1%
Den gode dinosaurien
1%
Filmen om Nalle Puh
1%
Framåt
1%
Jag spelar för dig
1%
Kalle Anka och Långben i Sydamerika
1%
Lilo & Stitch 2
1%
Micke och Molle 2
1%
Mulan II
1%
Musses jul i Ankeborg
1%
Oliver & gänget
1%
Röjar-Ralf kraschar internet
1%
Spela för mig
1%
Taran och den magiska kitteln
1%
Tarzan II
1%
Tigers film
1%
Tre Caballeros
1%
De 101 dalmatinerna II - Tuffs äventyr i London
0%
Det susar i säven & Ichabods äventyr
0%
Dinosaurier
0%
Disney Prinsessor: Förtrollade äventyr
0%
En extremt långbent film
0%
Familjen Robinson
0%
Farbror Joakim och Knattarna i jakten på den försvunna lampan
0%
Janne Långben - The Movie
0%
Kejsarens nya stil 2 – Kronks nya stil
0%
Musse, Kalle och Långben: De tre musketörerna
0%
Musse Pigg och hans vänner firar jul
0%
Nasses stora film
0%
Ringaren i Notre Dame II
0%
Tillbaka till Landet Ingenstans
0%
Vilddjuren
0%
No matching quizzes found
Score Distribution
Percent of People with Each Score
Percentile by Number Answered
Your Score History
You have not taken this quiz